EPIC The Musical : Polyphemus - Statistiques

Statistiques générales
  • Ce quiz a été pris 64 fois
  • Le résultat moyen est 257 sur 303
Statistiques - réponses
Hint Réponse % Correct
I
100%
to
100%
a
98%
A
98%
killed
98%
my
98%
| Odysseus My
98%
sheep
98%
the
98%
The
98%
you
98%
you?
98%
| Polyphemus You
98%
are
95%
be
95%
die
95%
is
95%
We
95%
we
95%
Polyphemus Who
95%
you'll
95%
you′ll
95%
Your
95%
your
95%
all
93%
can
93%
eat
93%
for
93%
in
93%
man
93%
see?
93%
see
93%
so
93%
So
93%
There
93%
there
93%
What
93%
Odysseus What?
93%
and
90%
drink
90%
eye
90%
final
90%
food,
90%
food?
90%
glad
90%
hand
90%
Odysseus Have
90%
| Odysseus I′m
90%
it
90%
just
90%
me
90%
No
90%
on
90%
out!
90%
Odysseus Over
90%
over
90%
this
90%
Watch
90%
entire
88%
here!
88%
here
88%
lotus
88%
name?
88%
name
88%
| Polyphemus Nobody,
88%
Nobody
88%
peace
88%
right
88%
that
88%
We're
88%
Why
88%
wine
88%
Polyphemus Wine?
88%
would
88%
at
85%
come
85%
deal
85%
eaters
85%
fleet
85%
from
85%
give
85%
Odysseus It′s
85%
it′s
85%
Polites Look
85%
look
85%
One
85%
one
85%
power
85%
too
85%
understand
85%
what′s
85%
best
83%
feed
83%
gift
83%
gives
83%
good
83%
hands
83%
make
83%
never
83%
pass
83%
thank
83%
that's
83%
Time
83%
again
80%
blood
80%
cave
80%
fresh
80%
human
80%
like
80%
our
80%
true
80%
us
80%
believe
78%
deep?
78%
enough
78%
finest
78%
flesh
78%
Odysseus Hey
78%
I′d
78%
I′ll
78%
| Eurylochus I've
78%
now
78%
perfect,
78%
sip
78%
some
78%
Stranger,
78%
tasting
78%
almost
75%
But
75%
came
75%
can′t
75%
keep
75%
pain
75%
take
75%
Take
75%
these
75%
treasure
75%
both,
73%
damage
73%
misunderstanding
73%
steal
73%
took
73%
will
73%
world's
73%
alive
70%
as
70%
has
70%
quite
70%
shall
70%
Odysseus There′s
70%
Don't
68%
home
68%
life
68%
long
68%
Maybe
68%
trade
68%
treat
68%
up
68%
way
68%
we've
68%
Polyphemus Yes,
68%
Polyphemus Ah,
65%
done
65%
leave
65%
meal
65%
today
65%
where
65%
know
63%
stand
63%
been
60%
gotta
60%
reply
60%
Then
60%
wanna
60%
not
58%
You'd
58%
become
55%
bloodshed
55%
travellers
53%
Before
43%
fun
40%
learn
38%
sow
33%
favouritе
5%
rеap?
5%
Aucun quiz correspondant
Distribution des résultats
% des personnes avec chaque résultat
Percentile par nombre de réponses
Votre historique - résultats
Vous n’avez pas pris ce quiz